000 00363nam a22001217a 4500
999 _c13546
_d13546
082 _a297.09
_b ن د و
100 _aسید سلیمان ندوی
245 _aتاریخ ارض القرآن
260 _aاسلام آباد
_b نیشنل بک فاؤنڈیشن
_c١٩٩٢
300 _a٥٢٩ صفحات
650 _aIslam, Quran, Ard ul Quran
942 _cBK